| 000 | 00604nam a2200181 a 4500 | ||
|---|---|---|---|
| 005 | 20210219151157.0 | ||
| 008 | 991125s1974 mos 000 0 spa u | ||
| 035 | _aUPN01000029024 | ||
| 049 | _aCG | ||
| 050 | 4 |
_aHX550 I5 _bT6.48 |
|
| 100 | 1 | _aTomashevski, D. | |
| 245 | 1 | 4 |
_aLas ideas leninistas y las relaciones internacionales contemporáneas / _cD. Tomashevski ; tr. por M. Jusainov. |
| 260 |
_aMoscú : _bProgreso, _c1974. |
||
| 300 | _a307 p. | ||
| 500 | _a"Política exterior de la URSS y las relaciones internacionales" | ||
| 651 | 4 |
_aUNION SOVIETICA - _xRELACIONES EXTERIORES |
|
| 905 | _aLibro | ||
| 999 |
_c29024 _d29024 |
||